|
|
|
|
| LEADER |
00000cam a2200000 a 4500 |
| 001 |
vtls001438609 |
| 003 |
SK-MaSNL |
| 005 |
20260301150055.0 |
| 008 |
210701s2002 xo l frnp 00000 slo |
| 015 |
|
|
|a SNBA2002
|
| 020 |
|
|
|a 8022315346
|q (brožované)
|
| 035 |
|
|
|a SNK000393743
|
| 035 |
|
|
|a urn:nbn:sk:snk-am3iqo5
|
| 035 |
|
|
|a A2EF8935-1E87-4896-B805-7F0A80370DED
|
| 035 |
|
|
|a urn:nbn:sk:snk-am00fe8j
|
| 040 |
|
|
|a SNK
|b slo
|c SNK
|e AACR2
|
| 041 |
0 |
|
|a slo
|
| 044 |
|
|
|a xo
|c SK
|
| 072 |
|
7 |
|a 616
|x Patológia. Klinická medicína
|2 konspekt
|
| 072 |
|
7 |
|a 37.016
|x Učebné osnovy. Vyučovacie predmety. Učebnice
|2 konspekt
|
| 080 |
|
|
|a 616-083:364-154
|2 2011
|
| 080 |
|
|
|a (075.8)
|2 2011
|
| 080 |
|
|
|a 614
|2 2011
|
| 080 |
|
|
|a 614.253.5
|2 2011
|
| 080 |
|
|
|a 616-083
|2 2011
|
| 245 |
0 |
0 |
|a Úloha ošetrovateľstva v ochrane komunitného zdravia
|n 2. diel
|c Alžbeta Hanzlíková a kolektív
|
| 250 |
|
|
|a 1. vydanie
|
| 260 |
|
|
|a Bratislava
|b Univerzita Komenského
|c 2002
|
| 300 |
|
|
|a 126 strán
|b tabuľky
|c 20 cm
|
| 366 |
|
|
|e 200 kusov
|
| 504 |
|
|
|a Obsahuje bibliografické odkazy
|
| 650 |
0 |
7 |
|a komunitné ošetrovateľstvo
|2 SNKPH
|9 87075
|
| 650 |
0 |
7 |
|a verejné zdravie
|2 SNKPH
|9 69514
|
| 650 |
0 |
7 |
|a ošetrovateľstvo
|2 SNKPH
|9 2557
|
| 650 |
0 |
7 |
|a ošetrovateľská starostlivosť
|2 SNKPH
|9 63308
|
| 655 |
|
7 |
|a učebnice vysokých škôl
|2 SNKPH
|9 70191
|
| 700 |
1 |
|
|a Bašková, Martina,
|d 1972-
|4 aut
|9 21037
|
| 700 |
1 |
|
|a Skokňová, Adriana
|4 aut
|9 305152
|
| 700 |
1 |
|
|a Szabóová, Želmíra
|4 aut
|9 270472
|
| 700 |
1 |
|
|a Tomagová, Martina,
|d 1972-
|4 aut
|9 190373
|
| 700 |
1 |
|
|a Hanzlíková, Alžbeta,
|d 1935-2012
|4 aut
|9 10240
|
| 919 |
|
|
|a 80-223-1534-6
|
| 958 |
|
|
|a MI
|
| 958 |
|
|
|a NB
|
| 958 |
|
|
|a OND
|
| 958 |
|
|
|a TL
|
| 958 |
|
|
|a UV
|
| 999 |
|
|
|c 782386
|d 784316
|
| 952 |
|
|
|t P60, <03>, [BOOK], {603}
|a SNK
|b SNK
|y PREZ
|7 0
|p 17A0352700
|o snkSC 108868/2
|i snkKSP 9610/2002
|0 0
|1 0
|4 0
|d 2002-08-08
|f 1
|l 0
|r 2025-09-30 00:00:00
|w 2026-02-24
|
| 952 |
|
|
|t P60, <04>, [BOOK], {604}
|a SNK
|b SNK
|y VYP
|7 0
|p 17A0352701
|o snkSC 108868/2 D1
|i snkKSP 9611/2002
|0 0
|1 0
|4 0
|d 2002-08-08
|l 0
|r 2005-01-02 00:00:00
|w 2026-02-24
|